000 00425nam a2200109Ia 4500
008 160909s9999 xx 000 0 und d
100 _aHolloman, Sherrica S.
245 _aValidating the Use of pPerformance Risk Indices for System-Level Risk and Maturity Assessments
260 _bThe George Washington University.
_c2016
650 _aMARKETING MANAGEMENT
856 _uhttp://pqdtopen.proquest.com/doc/1778864678.html?FMT=ABS
999 _c304836
_d304836